[Event "Biel"]
[Site "25"]
[Date "1992.07.22"]
[Round "6"]
[White "Shirov, Alexei"]
[Black "Karpov, Anatoly"]
[Result "0-1"]
[WhiteElo "2710"]
[BlackElo "2715"]
[Annotator "JvR"]
[PlyCount "78"]
[EventDate "1992.07.??"]
[SourceDate "2013.10.27"]

1. d4 Nf6 2. c4 e6 3. Nc3 Bb4 4. f3 d5 5. a3 Bxc3+ 6. bxc3 c5 7. cxd5 Nxd5 8.
Qd3 b6 9. e4 Ba6 10. Qd2 Bxf1 11. Kxf1 Ne7 12. Ne2 Nbc6 13. dxc5 Qc7 $5 ({
Georgiev played} 13... Qc8 {in the previous round.}) 14. Qf4 $5 (14. Qd6 Qxd6
15. cxd6 Nc8 16. Nd4 Nxd4 17. cxd4 Nxd6 {leads to equality (Karpov).}) 14... e5
$1 15. Qg4 O-O 16. Kf2 Na5 17. cxb6 Qxb6+ $1 18. Be3 Qc6 $1 19. Rhd1 $2 ({
Better is} 19. Ng3) 19... Nc4 20. Bg5 ({Not} 20. Qd7 $2 Nxe3 $1 21. Kxe3 Qc5+ {
(Karpov).}) 20... f6 21. Bc1 $5 Qb6+ $5 22. Kg3 $2 ({Correct is} 22. Ke1 Rad8
23. Rd7 $1 f5 24. exf5 Rxd7 25. f6 $1 Nf5 $1 26. Qxc4+ {
and White has fighting chances.}) 22... f5 $1 23. exf5 Nxf5+ 24. Kh3 Nce3 25.
Bxe3 Nxe3 26. Qe4 Qe6+ 27. Kg3 Nxd1 28. Rxd1 Rad8 29. Re1 Qf5 30. Qxf5 Rxf5 31.
Kf2 Rd2 32. Rb1 Ra2 33. Rb5 Rxa3 34. c4 Rf6 35. Rxe5 Rc6 36. c5 Ra5 37. Re7
Rcxc5 38. Nf4 Re5 39. Rc7 Ra4 {Karpov led by one point on Georgiev.} 0-1

[Event "Biel"]
[Site "25"]
[Date "1992.07.24"]
[Round "7"]
[White "Karpov, Anatoly"]
[Black "Georgiev, Kiril"]
[Result "0-1"]
[WhiteElo "2715"]
[BlackElo "2610"]
[Annotator "JvR"]
[PlyCount "192"]
[EventDate "1992.07.??"]
[SourceDate "2013.10.27"]

1. d4 Nf6 2. c4 e6 3. Nf3 b6 4. g3 Ba6 5. b3 Bb4+ 6. Bd2 Be7 7. Bg2 c6 8. Bc3
d5 9. Ne5 Bb7 10. O-O Na6 11. Bb2 O-O 12. Nc3 Rc8 13. e4 $5 {
Karpov attacks in the centre.} Bb4 $5 14. exd5 Bxc3 $5 15. Bxc3 cxd5 16. Qe2
Qe7 17. Bb2 Nb4 18. Rfd1 Rfd8 19. Ba3 $1 a5 20. Rac1 h6 21. f3 Ba6 22. Bf1 Nd7
23. Ng4 Nf6 24. Ne3 Rc7 25. Qd2 Rdc8 26. Rc2 Bb7 27. Be2 Rd8 $6 ({Preferable is
} 27... e5 $1 28. Bxb4 axb4 29. Nf5 Qe6) 28. Rcc1 $1 Rdc8 29. Nc2 dxc4 30. bxc4
Ba6 31. Ne3 $1 {He protects the centre.} Qd7 32. Bxb4 axb4 33. Rb1 $1 b5 $6 (
33... Qd6 $5 34. Qxb4 Qxb4 35. Rxb4 Nd5 $1 {counters.}) 34. c5 $1 Nd5 35. Nxd5
Qxd5 36. Rxb4 {White has gained a pawn.} e5 $6 37. a4 $1 exd4 38. axb5 $6 (38.
Qxd4 $5 Qe6 $1 {(Karpov)} 39. Bxb5 Bxb5 40. axb5 Rxc5 41. b6 {charges.}) 38...
d3 $1 39. Qxd3 $5 Qxc5+ 40. Qd4 Qe7 41. Qe4 Qc5+ 42. Qd4 Qe7 43. Rd2 Bb7 44.
Rb3 Qg5 45. Qe3 Qf6 46. Rbd3 Re7 47. Qf2 Rce8 48. Rd7 g6 49. Rxe7 Rxe7 50. Rd3
Kh7 51. Bf1 h5 52. h4 Qe5 53. Rb3 $5 f5 $1 54. Rb4 $6 Bxf3 $1 {
Black has regained the pawn.} 55. b6 Qd6 56. Rb2 Be4 57. Kh2 Qc6 58. Bg2 Rb7 $1
59. Bf1 Qd6 60. Qe3 Qc6 {The players had three hours for sixty moves. Each one
gets half-an-hour for the rest of the game.} 61. Qf2 Re7 $2 {
He allows an attack.} 62. Ra2 $1 Rb7 63. Ra7 $1 g5 $6 64. Bg2 $5 f4 $5 65.
Bxe4+ Qxe4 66. Rxb7+ Qxb7 67. hxg5 fxg3+ 68. Kxg3 h4+ $5 69. Kxh4 {
White has two extra pawns in the queen ending.} Qe4+ 70. Kh5 Qh1+ 71. Kg4 Qd1+
72. Kh4 Qa4+ 73. Kg3 Qb3+ 74. Kh2 Kg6 75. Qf6+ $1 Kh5 76. g6 $1 Qd3 77. g7 Qh3+
$1 78. Kg1 $1 Qe3+ 79. Kf1 Qc1+ 80. Ke2 Qc2+ 81. Ke3 Qc1+ 82. Kd3 Qb1+ 83. Kc4
Qe4+ 84. Kc5 Qc2+ 85. Kd6 Qd3+ 86. Ke7 Qa3+ 87. Qd6 Qe3+ 88. Kd7 Qh3+ 89. Kd8
Qh4+ 90. Ke8 Qe4+ 91. Kf8 Qf5+ 92. Ke7 {The king goes in the wrong direction.}
Qg5+ 93. Qf6 Qe3+ 94. Kd7 Qd3+ 95. Kc7 Qc2+ 96. Kb8 Qh2+ {Karpov overstepped
the time limit in a won position. Georgiev and Karpov led by 5/7 after the
first cycle.} 0-1

[Event "Biel"]
[Site "25"]
[Date "1992.07.26"]
[Round "9"]
[White "Karpov, Anatoly"]
[Black "Miles, Anthony"]
[Result "1-0"]
[WhiteElo "2715"]
[BlackElo "2595"]
[Annotator "JvR"]
[PlyCount "69"]
[EventDate "1992.07.??"]
[SourceDate "2013.10.27"]

1. d4 e6 2. c4 Bb4+ 3. Bd2 Bxd2+ 4. Qxd2 b6 5. Nc3 Bb7 6. e4 Nh6 7. f4 $5 f5 {
Miles attacks the centre at last.} 8. e5 Nf7 9. O-O-O g5 $6 {
The kingside is weakened.} ({Preferable is} 9... O-O 10. Kb1 Na6) 10. Nf3 Rg8
11. Be2 Na6 12. h3 gxf4 13. Qxf4 Qe7 (13... Rxg2 $2 14. Rhg1 $1 Rg6 15. Nh4 Rg5
16. Bh5 $1 {wins for White (Karpov).}) 14. g4 fxg4 15. hxg4 Ng5 16. d5 $5 Nxf3
$6 (16... O-O-O $5 17. Qf6 Qg7 18. Qxg7 Rxg7 {offers more resistance.}) 17.
Bxf3 O-O-O 18. Rh6 $6 Rg7 $6 (18... Qg5 $5 19. Qxg5 Rxg5 20. Re1 {(Karpov)} Rf8
{defends well.}) 19. Rf6 exd5 20. cxd5 Re8 21. g5 Kb8 22. Bh5 Reg8 23. Bf7 $1 {
The restriction increases.} Rc8 24. e6 dxe6 25. dxe6 Nb4 26. a3 Nc6 27. b4 $1
Qf8 28. Nd5 Qd6 29. e7 Rxf7 30. Rxf7 Qe6 31. Rf8 $1 Ne5 32. Rxc8+ Bxc8 33. Qf6
Qh3 34. Qxe5 Qxa3+ 35. Kd2 {Karpov took the lead again.} 1-0

[Event "Biel"]
[Site "25"]
[Date "1992.07.27"]
[Round "10"]
[White "Kortschnoj, Viktor"]
[Black "Karpov, Anatoly"]
[Result "0-1"]
[WhiteElo "2575"]
[BlackElo "2715"]
[Annotator "JvR"]
[PlyCount "112"]
[EventDate "1992.07.??"]
[SourceDate "2013.10.27"]

1. d4 Nf6 2. c4 e6 3. Nc3 Bb4 4. Qc2 O-O 5. a3 Bxc3+ 6. Qxc3 b6 7. Nf3 Bb7 8.
g3 d6 9. Bg2 Nbd7 10. O-O a5 11. b3 Qe7 12. Bb2 Rfe8 13. Rfe1 Be4 14. Bf1 $5 c5
15. Nd2 cxd4 16. Qxd4 e5 17. Qc3 Rac8 $6 ({An alternative is} 17... Bc6 $1 18.
e4 Nc5) 18. Nxe4 Nxe4 19. Qe3 Nef6 20. Rac1 Qe6 21. Red1 d5 $5 22. cxd5 Nxd5
23. Qd3 N5f6 24. b4 axb4 25. axb4 h5 $5 26. Bg2 h4 27. e4 hxg3 28. hxg3 Rxc1
29. Bxc1 Ra8 30. Be3 Ra2 31. Qc3 Kh7 32. Rd2 Ra8 33. Qc1 Ra4 34. Qc3 {
White has an edge.} Qg4 $5 {Black counters.} 35. Rd6 $1 {
White takes the initiative.} b5 $6 ({More solid is} 35... Ra7) 36. Qe1 $1 Nf8
37. f3 Qc8 38. Bf1 $1 Ra3 39. Rd3 $6 (39. Bxb5 Qc2 40. Rd2 Qc3 41. Rh2+ $1 Kg6
42. Qxc3 Rxc3 43. Kf2 {gains a pawn.}) 39... Ra2 40. Rd2 Ra3 41. Bxb5 Ne6 42.
Bf1 $6 g5 $2 ({Better is} 42... Qc3 $1) 43. Rd3 $1 Ra4 44. g4 $5 Qb8 45. Rb3
Nd4 46. Bxd4 $2 (46. Bxg5 $1 Kg7 47. Qh4 Ng8 48. Rd3 Qxb4 49. Qg3 {
plays for a win.}) 46... exd4 47. e5 Nd7 48. f4 Qb6 $1 49. Bd3+ Kg8 50. f5 Ra2
51. e6 $2 (51. Qb1 Rd2 $1 52. Qe1 Ra2 53. Qb1 {draws (Karpov).}) 51... Qd6 $1
52. Be2 $5 Ne5 53. Qc1 Rxe2 54. Qxg5+ Kf8 55. Qh6+ Ke8 $1 56. Ra3 $2 (56. Qh8+
Qf8 57. Qf6 Re1+ 58. Kg2 $1 {fights for the last chance.}) 56... Re1+ $1 {
Karpov turned the game around and defeated his old adversary for the second
time.} ({The pointe is} 56... Re1+ 57. Kf2 Nxg4+ $1) 0-1

[Event "Biel"]
[Site "25"]
[Date "1992.07.28"]
[Round "11"]
[White "Karpov, Anatoly"]
[Black "Hansen, Curt"]
[Result "1-0"]
[WhiteElo "2715"]
[BlackElo "2635"]
[Annotator "JvR"]
[PlyCount "85"]
[EventDate "1992.07.??"]
[SourceDate "2013.10.27"]

1. d4 d6 2. e4 Nf6 3. Nc3 g6 4. Nf3 Bg7 5. Be2 O-O 6. O-O c6 7. Bf4 Nbd7 8. Re1
Qb6 9. Qc1 e5 10. dxe5 dxe5 11. Be3 Qc7 12. Nd2 $5 Rd8 13. Rd1 Nf8 14. Nc4 $1
Rxd1+ 15. Qxd1 Ne8 16. a4 Ne6 17. Nb1 $5 b6 18. c3 Nf4 19. Bf1 Be6 20. Nbd2 h5
21. Qc2 Rd8 22. b4 Nf6 $6 23. Nf3 Nh7 $6 {Black deactivates a knight.} 24. Rd1
$1 Rxd1 25. Qxd1 Bg4 26. Qd6 $1 Qxd6 27. Nxd6 {White has a fine endgame.} Kf8
28. a5 Ke7 29. Nc4 $1 Bxf3 $1 30. gxf3 b5 $2 {
Hereafter, White can win in two beautiful ways.} (30... Ng5 $2 31. Nxb6 $1
Nxf3+ 32. Kh1 axb6 33. a6 Ne6 34. Bxb6 $1 {ends the game}) (30... Kd7 $5 31.
axb6 axb6 32. Nxb6+ Kc7 33. Nc4 Ng5 34. Nd2 {
costs a pawn, but Black can struggle.}) 31. Na3 $1 (31. Bxa7 $1 bxc4 32. a6 $1
Kd7 33. Bb8 Kc8 34. a7 Kb7 35. Bxc4 {also wins for White (Karpov).}) 31... a6
32. Nxb5 $3 cxb5 33. Bxb5 $1 Ng5 ({The pointe is} 33... axb5 34. a6 Ne6 35. Bb6
$1) 34. Bxa6 Nge6 35. Bc4 Kd8 36. a6 Kc8 37. b5 Bf8 38. b6 Bc5 39. Bd5 $1 Nxd5
40. exd5 Bxe3 41. b7+ $1 Kc7 42. dxe6 Bc5 43. exf7 {
The white king will advance and decide the game.} 1-0

[Event "Biel"]
[Site "25"]
[Date "1992.07.29"]
[Round "12"]
[White "Georgiev, Kiril"]
[Black "Shirov, Alexei"]
[Result "1-0"]
[WhiteElo "2610"]
[BlackElo "2710"]
[Annotator "JvR"]
[PlyCount "45"]
[EventDate "1992.07.??"]
[SourceDate "2013.10.27"]

1. e4 c5 2. Nf3 e6 3. d4 cxd4 4. Nxd4 Nf6 5. Nc3 Nc6 6. Ndb5 d6 7. Bf4 e5 8.
Bg5 a6 9. Na3 Be6 10. Nc4 Rc8 11. Bxf6 gxf6 12. Ne3 Bh6 13. Bd3 Bxe3 14. fxe3
Qb6 15. Qc1 Na5 $5 ({Known is} 15... Nb4 16. O-O Ke7) 16. O-O Ke7 17. Qe1 $1 h5
$5 (17... Qxb2 $2 18. Nd5+ Bxd5 19. exd5 {favours White.}) ({The alternative is
} 17... Nc4 $1 18. Bxc4 Bxc4 19. Qf2 $1 Kd7 20. b3 $1) 18. b3 $1 Qc5 $2 ({
Karpov suggests} 18... Rxc3 $5 19. Qxc3 Qxe3+ 20. Kh1 Nc6 21. Rae1 Qc5 $1) 19.
Nd5+ $1 Bxd5 20. exd5 Qxd5 $6 (20... Qc3 $5 21. Qh4 Rh6 $1 22. Rae1 {
wins for White (Georgiev).}) 21. Rd1 Rcg8 ({Or} 21... Qc5 22. b4) 22. Qf2 Rh6
23. Bg6 $1 {Georgiev neared Karpov by one point.} ({The pointe is} 23. Bg6 Qe6
24. Bf5 $1) 1-0

[Event "Biel"]
[Site "25"]
[Date "1992.07.31"]
[Round "13"]
[White "Karpov, Anatoly"]
[Black "Shirov, Alexei"]
[Result "1-0"]
[WhiteElo "2715"]
[BlackElo "2710"]
[Annotator "JvR"]
[PlyCount "63"]
[EventDate "1992.07.??"]
[SourceDate "2013.10.27"]

1. d4 d5 2. c4 c6 3. Nc3 Nf6 4. e3 e6 5. Nf3 Nbd7 6. Qc2 Bd6 7. Be2 O-O 8. O-O
dxc4 9. Bxc4 b5 10. Be2 Re8 11. Rd1 Qc7 12. b3 e5 13. h3 Bb7 $5 (13... a6 14.
Bb2 exd4 15. Nxd4 Bb7 {happened in Tukmakov - Shabalov, Biel Open (6).}) 14.
Bb2 a6 15. dxe5 Nxe5 16. a4 $1 Rad8 $6 ({Preferable is} 16... Ng6 $1 17. Ng5
Be5) 17. Ng5 $1 Qe7 18. Nce4 Nxe4 19. Nxe4 Bb4 20. Ng3 f6 21. Bxe5 Qxe5 $2 (
21... fxe5 22. Bf3 {(Karpov)} Kh8 $1 {almost equalises.}) 22. Bd3 h6 ({Avoids} 
22... g6 23. Bxg6 $1) 23. Bg6 $1 Rf8 24. Nf5 $1 c5 $5 25. axb5 axb5 26. Ra7 $5
{White misses the immediate decision.} (26. Nh4 $1 Qg5 27. Bh7+ Kh8 28. g3 {
wins for White.}) 26... Qc7 ({Or} 26... Qb8 27. Ne7+ $1 Kh8 28. Bf5 $1 Qxa7 29.
Ng6+ Kg8 30. Be6+ {(Karpov).}) 27. Nh4 $1 Rxd1+ 28. Qxd1 Ra8 29. Qg4 $1 Qc6 ({
The pointe is} 29... Rxa7 30. Qe6+) 30. Rxb7 $1 Qxb7 31. Qe6+ Kh8 32. Be4 $1 {
The final standings became: Karpov 101/2/14, Georgiev 9, Miles 7, Lautier and
Beliavsky 61/2, Kortschnoj 6, Shirov 51/2, Hansen 5.} ({Karpov analyses} 32.
Be4 Qa6 33. Ng6+ Kh7 34. Ne5+ Kh8 35. Nf7+ Kg8 36. Nxh6+ Kh8 37. Qg8+ $1 Rxg8
38. Nf7#) 1-0

[Event "Biel"]
[Site "26 FIDE Interzonal"]
[Date "1993.07.16"]
[Round "1"]
[White "Lautier, Joel"]
[Black "Barua, Dibyendu"]
[Result "1-0"]
[WhiteElo "2620"]
[BlackElo "2510"]
[Annotator "JvR"]
[PlyCount "135"]
[EventDate "1993.07.??"]
[SourceDate "2013.10.27"]

{The chess world was divided in two organisations. Kasparov was world champion
of the PCA. Karpov was the FIDE-champion. The FIDE interzonal happened in Biel
from 15 vii until 1 viii 1993. 73 persons played 13 rounds according to the
Swiss rules. 10 places in the candidates matches were at stake.} 1. d4 d5 2. c4
c6 3. Nf3 Nf6 4. Nc3 dxc4 5. a4 Bf5 6. Ne5 e6 7. f3 Bb4 8. Bg5 h6 9. Bh4 c5 10.
dxc5 Qxd1+ 11. Kxd1 O-O $5 12. e4 Bh7 13. Bxc4 Bxc5 14. Nd3 $1 Rd8 $5 15. Ke2
Bf8 16. Rhd1 Nc6 17. Rac1 Rac8 18. Ba2 g5 19. Bf2 Nd7 20. Be3 a6 21. Rd2 Bg7
22. Rcd1 Kf8 23. h4 {The chances are equal.} Bf6 24. hxg5 hxg5 25. g4 $1 Ke8
26. Nf2 $1 {Pawn g5 becomes a target.} Nf8 $2 (26... Nde5 $1 27. Rxd8+ Rxd8 28.
Nh3 Rxd1 29. Nxd1 Bg8 30. Nxg5 Bxg5 31. Bxg5 Nd4+ 32. Ke3 Ndxf3 $1 {is alright.
}) 27. Nh3 $1 Bxc3 28. bxc3 f6 29. Nf2 Rxd2+ 30. Rxd2 Ne5 31. Nd3 $1 Nxd3 32.
Rxd3 Rc6 $5 33. a5 Nd7 34. Rd2 Bg8 $5 35. Bd4 $5 Bf7 36. Rb2 Rc7 37. Kd3 $1 e5
38. Bb6 $5 Nxb6 39. Bxf7+ Kxf7 40. Rxb6 {
White has an advantage in the rook ending.} Ke7 41. c4 Kf7 42. Kc3 Ke7 43. Kb4
Rd7 44. Kc3 Rc7 45. Kb3 $1 {He creates zugzwang.} Kf7 46. Kb4 Ke7 47. c5 $1 Rd7
48. c6 $1 bxc6 49. Rxa6 $2 (49. Rxc6 $1 Rd6 50. Kc5 {wins quickly.}) 49... Kd6
50. Kc4 Rh7 51. Ra8 $1 Rh1 52. Rd8+ $1 Ke7 $2 {Black misses his last chance.} (
52... Kc7 $1 53. Rf8 Rc1+ 54. Kb4 Rb1+ 55. Kc3 Ra1 (55... Rc1+ 56. Kd2 Ra1 57.
Rf7+ Kd6 58. Rxf6+ Ke7 59. Rxc6 $1 Rxa5 60. Rg6 {and White wins.}) 56. Rf7+ Kd6
57. Rxf6+ Ke7 58. Rg6 $1 Rxa5 59. Kb4 Ra1 60. Rxg5 {
and White has winning chances (after Lautier).}) 53. Rd3 Rc1+ 54. Kb3 Ra1 55.
Kb4 c5+ 56. Kb5 $1 Ke6 57. a6 Ra2 58. Kb6 Ra1 59. Rd8 Ke7 60. Rh8 Kd6 61. Rd8+
Ke7 62. Rh8 Kd6 63. a7 Rb1+ 64. Ka6 Ra1+ 65. Kb7 Rb1+ 66. Kc8 $1 Ra1 67. Rh7 $1
c4 68. Kb8 {Lautier won a difficult rook ending.} 1-0

[Event "Biel"]
[Site "26 FIDE Interzonal"]
[Date "1993.07.18"]
[Round "3"]
[White "Anand, Viswanathan"]
[Black "Ftacnik, Lubomir"]
[Result "1-0"]
[WhiteElo "2725"]
[BlackElo "2535"]
[Annotator "JvR"]
[PlyCount "73"]
[EventDate "1993.07.??"]
[SourceDate "2013.10.27"]

1. e4 c5 2. Nf3 d6 3. d4 cxd4 4. Nxd4 Nf6 5. Nc3 a6 6. Be3 e6 7. f3 b5 8. g4 h6
9. Qd2 Bb7 10. h4 b4 $5 ({The alternative  is} 10... Nbd7) 11. Nce2 d5 12. e5
Nfd7 13. f4 Nc5 14. Bg2 $1 Nbd7 15. O-O-O Be7 $2 ({Preferable is} 15... a5 16.
Kb1 {(Anand)} Nb6 17. f5 Nc4 18. Qc1 a4 {and Black counters.}) 16. g5 $1 {
An attack starts.} h5 $5 17. f5 $1 Nxe5 18. Nf4 $1 Nc4 19. Qe2 Qa5 20. Kb1 Nxb2
$1 21. fxe6 $3 {Anand finds a sensational win.} (21. Kxb2 $2 Na4+ 22. Kc1 Nc3 {
leads to a black triumph.}) 21... O-O-O 22. Kxb2 $1 Na4+ 23. Kc1 $1 b3 ({Or} 
23... Nc3 24. Qd3) 24. Nxb3 $1 ({Not} 24. cxb3 $2 Ba3+ 25. Kc2 Qc7+ {
and Black wins (Anand).}) 24... Ba3+ 25. Kb1 Nc3+ 26. Ka1 Qa4 27. Qd3 $1 Bb4
28. Nc1 Kb8 29. Bd4 Rc8 30. Be5+ $1 Ka7 31. Qe3+ Rc5 32. Rd3 $1 Qxc2 33. Bxc3
Bxc3+ 34. Rxc3 Qxc3+ 35. Qxc3 Rxc3 36. exf7 $1 {
He gains a decisive material advantage.} Rf8 37. g6 {
Anand conducted a flawless attack.} 1-0

[Event "Biel"]
[Site "26 FIDE Interzonal"]
[Date "1993.07.18"]
[Round "3"]
[White "Kamsky, Gata"]
[Black "Akopian, Vladimir"]
[Result "1-0"]
[WhiteElo "2645"]
[BlackElo "2600"]
[Annotator "JvR"]
[PlyCount "81"]
[EventDate "1993.07.??"]
[SourceDate "2013.10.27"]

1. d4 d5 2. c4 c6 3. Nf3 Nf6 4. Nc3 dxc4 5. a4 Bf5 6. Ne5 e6 7. f3 Bb4 8. Nxc4
O-O 9. Bg5 h6 10. Bh4 c5 11. dxc5 Qxd1+ 12. Kxd1 $6 ({Preferable is} 12. Rxd1
$1 Bc2 13. Rc1 Bxa4 14. Bxf6 gxf6 {(Lengyel - Hennings, Kecskemet 1968).})
12... Rd8+ $6 (12... Bxc5 13. e4 Bh7 {
favours Black (Bazinovic - Palac, Kastel Stari 1997).}) 13. Kc1 Na6 $5 14. e4
Nxc5 $5 15. Kc2 $5 Bh7 16. Be2 g5 17. Bf2 Rac8 18. Rhd1 Nd5 19. Na2 $1 Ba5 $5
20. Bxc5 Rxc5 21. Kb3 Nf4 22. Nxa5 Rxd1 23. Rxd1 Rxa5 24. Bf1 (24. Bb5 $1 Nxg2
25. Kc3 {gains an advantage.}) 24... e5 $2 ({Correct is} 24... g4 25. Rd8+ Kg7)
25. Nc3 $1 Ne6 26. Nb5 a6 27. Nd6 b5 28. axb5 axb5 29. Nxb5 {
White has gained a pawn.} g4 30. Bc4 gxf3 31. gxf3 Ng5 32. Rd3 Bg6 33. h4 Nh3
34. Nd6 Ra8 35. Kb4 Rb8+ 36. Kc3 $6 (36. Kc5 $1 Rxb2 37. Nxf7 Bxf7 38. Rd8+ Kg7
39. Rd7 {wins for White.}) 36... Ng1 37. Re3 Bh5 $6 (37... Kf8 {
offers more resistance.}) 38. b4 $1 Kf8 39. b5 f6 40. Kb4 Nxf3 41. Kc5 $1 (41.
Kc5 Nd4 42. Rg3 {starts a mate attack.}) 1-0

[Event "Biel"]
[Site "26 FIDE Interzonal"]
[Date "1993.07.18"]
[Round "3"]
[White "Van Wely, Loek"]
[Black "Khalifman, Alexander"]
[Result "0-1"]
[WhiteElo "2585"]
[BlackElo "2645"]
[Annotator "JvR"]
[PlyCount "94"]
[EventDate "1993.07.??"]
[SourceDate "2013.10.27"]

1. d4 Nf6 2. c4 e6 3. Nf3 b6 4. g3 Ba6 5. Nbd2 d5 6. Bg2 Be7 7. O-O O-O 8. b3
c5 9. Bb2 Nc6 10. cxd5 Nxd5 11. dxc5 bxc5 $5 (11... Bxc5 {
was played in Sashi - Antoshin, Moscow 1970.}) 12. Rc1 Rc8 13. Re1 Qb6 14. Nc4
$1 Bxc4 15. Rxc4 Na5 16. Rg4 $5 {Khalifman plays for a win.} Nf6 17. Ra4 Rfd8
18. Qa1 $1 Nc6 19. Rc4 Na5 20. Ra4 Nc6 21. Rf4 $5 {The rook remains a bother.}
Nb4 22. Rc1 $6 {Loek mises a chance.} (22. Bxf6 $1 Bxf6 23. Rxf6 $1 gxf6 24.
Qxf6 {gains an advantage.}) 22... Qa6 $1 23. Rxf6 $6 {
The idea is applied too late.} gxf6 24. Bxf6 Bxf6 25. Qxf6 Qxe2 26. Ne5 $2 {
He makes the decisive mistake.} (26. Bf1 $1 Rd1 $1 27. Rxd1 Qxd1 28. Qg5+ $1
Kf8 29. Qh6+ Ke8 30. Ng5 {leads to equal chances.}) 26... Rd1+ 27. Rxd1 Qxd1+
28. Bf1 Qh5 29. Qf4 ({The pointe is} 29. g4 $2 Nd5 $1 {(Ambroz).}) 29... Qf5
30. Qe3 Nc2 31. Qc3 Nd4 32. f4 Qe4 33. Bd3 Ne2+ 34. Bxe2 Qxe2 35. Qa5 Qd1+ 36.
Kf2 Rd8 37. Nc4 Qc2+ 38. Kf3 Qd1+ 39. Kf2 Rd3 40. Kg2 Qf3+ 41. Kh3 Qf1+ 42. Kg4
Qf3+ 43. Kg5 Kg7 44. Qc7 h6+ 45. Kh4 Qe2 46. Kh3 Rd5 47. Ne5 Qh5+ {
Khalifman fought like a tiger in great tournaments.} 0-1

[Event "Biel"]
[Site "26 FIDE Interzonal"]
[Date "1993.07.19"]
[Round "4"]
[White "Gelfand, Boris"]
[Black "Kozul, Zdenko"]
[Result "1-0"]
[WhiteElo "2670"]
[BlackElo "2595"]
[Annotator "JvR"]
[PlyCount "81"]
[EventDate "1993.07.??"]
[SourceDate "2013.10.27"]

1. d4 Nf6 2. c4 g6 3. Nc3 d5 4. cxd5 Nxd5 5. e4 Nxc3 6. bxc3 Bg7 7. Nf3 c5 8.
Rb1 O-O 9. Be2 cxd4 10. cxd4 Qa5+ 11. Bd2 Qxa2 12. O-O Nd7 13. Bb4 Nb6 14. Ra1
Qe6 15. Qb1 Bd7 16. Ra5 Nc8 17. d5 $5 {
White has an excellent compensation for the pawn.} (17. Ne5 {
happened in Khalifman - Kozul, Bled 1991.}) 17... Qb6 18. e5 {
The restriction increases.} Bf5 19. Qb3 a6 20. Qa3 Bg4 $6 (20... Be4 $1 21. Re1
Qd8 {pressures on the advanced centre.}) 21. Re1 Re8 22. Rc5 Qd8 $5 23. h3 b6
$6 (23... Bf5 24. Rd1 b6 25. Rcc1 a5 26. Bc3 Na7 {defends naturally.}) 24. Rcc1
Bxf3 $5 25. Bxf3 a5 26. Bd2 Ra7 27. Qa4 Rf8 28. Bf4 b5 $2 (28... Rc7 $1 29.
Rcd1 $5 (29. d6 Rxc1 30. Rxc1 exd6 31. exd6 {(Gelfand)} b5 $1 32. Qxb5 Nxd6) (
29. Rc6 Rxc6 30. Qxc6 Qe8 $1 31. Qc7 Qd8) 29... Qd7 30. Qe4 Rc5 {
tries to survive.}) 29. Qxb5 a4 30. Bg4 Ra5 31. Qb4 Qb6 32. Qc4 Na7 33. Bd2 a3
34. Bxa5 Qxa5 35. Qc5 Qa4 36. Qxe7 a2 37. Bd7 Qa5 38. d6 Rb8 39. Be8 Kh8 40.
Bxf7 Nc6 41. Qc7 {Gelfand played a great Grünfeld Indian Defence.} 1-0

[Event "Biel"]
[Site "26 FIDE Interzonal"]
[Date "1993.07.19"]
[Round "4"]
[White "Khalifman, Alexander"]
[Black "Lautier, Joel"]
[Result "1-0"]
[WhiteElo "2645"]
[BlackElo "2620"]
[Annotator "JvR"]
[PlyCount "113"]
[EventDate "1993.07.??"]
[SourceDate "2013.10.27"]

1. d4 d5 2. c4 e6 3. Nf3 Nf6 4. g3 Be7 5. Bg2 O-O 6. O-O dxc4 7. Qc2 a6 8. a4
Bd7 9. Qxc4 Bc6 10. Bg5 Bd5 11. Qd3 Be4 12. Qe3 Bc6 13. Nc3 Nbd7 14. Qd3 Bb4
15. Rfe1 h6 16. Bf4 Rc8 17. Qc2 b6 18. e4 Bb7 19. Rad1 Re8 20. Ne5 Nxe5 21.
Bxe5 Nd7 22. Bf4 Qe7 23. Re2 c5 {The Catalan has a wide theory.} 24. d5 $5 (24.
Red2 {drew in Jussupow -  Portisch, Linares 1989.}) 24... e5 25. Be3 Qd6 26.
Bh3 Rc7 27. Nb1 $5 Bc8 28. Nd2 b5 29. Nf3 c4 $5 30. Nh4 g6 $6 (30... Nf6 $1 31.
Bxc8 Rcxc8 32. Nf5 Qd7 {makes a slight concession.}) 31. Bxh6 Nc5 32. Bxc8
Rexc8 33. axb5 axb5 34. Nf3 {The knight manoeuvre has netted a pawn.} Ra8 $2
35. Bd2 $2 {They miss a tactical point.} (35. Nxe5 $1 Qxe5 36. Bf4 {
wins for White.}) 35... Ra4 36. Kg2 Nd3 37. Bxb4 Rxb4 38. Rxd3 $1 cxd3 39. Qxd3
f6 40. Qa3 Qc5 $2 {The queen is needed as blockader.} 41. Nh4 $1 Kh7 $5 42. Qf3
Qd6 43. b3 $1 Qa6 44. Rd2 Rd4 ({Or} 44... Qd6 45. Ra2 $1) 45. Rxd4 exd4 46. Qf4
Qb6 47. d6 $1 Rf7 48. Qg4 $1 Rg7 49. Qh3 $1 d3 $5 50. Nf5+ Kg8 51. Nxg7 Qxd6 (
51... d2 52. Ne8 d1=Q 53. Qe6+ Kh7 54. Qf7+ {leads to mate (Khalifman).}) 52.
Ne8 $1 Qd4 53. Nxf6+ $1 Kf7 (53... Qxf6 54. Qc8+ Kg7 55. Qd7+ {
also wins for White.}) 54. Qh7+ Ke6 55. Qxg6 d2 56. Nd5+ Kd7 57. Qf7+ {
Khalifman won another elegant game.} 1-0

[Event "Biel"]
[Site "26 FIDE Interzonal"]
[Date "1993.07.19"]
[Round "4"]
[White "Van der Sterren, Paul"]
[Black "Huebner, Robert"]
[Result "1-0"]
[WhiteElo "2525"]
[BlackElo "2605"]
[Annotator "JvR"]
[PlyCount "61"]
[EventDate "1993.07.??"]
[SourceDate "2013.10.27"]

{The great surprise of the tournament became Paul van der Sterren. He was 37
and had a decent grandmaster rating. Suddenly, he played like a super
grandmaster.} 1. d4 d5 2. Nf3 Nf6 3. c4 dxc4 4. Nc3 c6 5. a4 Bf5 6. e3 e6 7.
Bxc4 Bb4 8. O-O Nbd7 9. Nh4 Bg6 10. h3 Bh5 11. Qb3 a5 12. Na2 $5 ({Known is} 
12. f4 O-O 13. Nf3 {(Piket - Anand, Amsterdam 1993).}) 12... Bd6 13. Qxb7 Rb8
14. Qa6 $1 {The queen survives the first attack in a heroic defence.} Ne4 15.
g3 $1 {Only this clumsy protection works.} Qg5 (15... Nxf2 $5 16. Rxf2 Bxg3 17.
Nf3 Bxf2+ 18. Kxf2 Qc7 {leads to interesting play.}) 16. Qxc6 $1 Nxg3 $1 17.
fxg3 ({The adventurous} 17. Ng2 $6 Rb6 18. Qc8+ Ke7 $1 19. Qxh8 Bf3 20. fxg3
Bxg2 21. Qg8 Bxf1 22. Kxf1 Nf6 $1 23. Qa8 Qf5+ {favours Black.}) 17... Qxg3+
18. Qg2 $1 ({Not} 18. Ng2 $4 Qh2+ 19. Kf2 Bg3#) 18... Qxh4 19. e4 Bg3 20. Bb5
g5 21. Nc3 Rg8 22. Ne2 Bc7 $5 23. Ra3 g4 $6 ({Hübner suggests} 23... Ke7 $5)
24. Bf4 Bxf4 25. Nxf4 Ke7 26. Kh2 $5 Nf6 $2 ({Correct is} 26... gxh3 27. Qxh3
Qxh3+ 28. Rxh3 Bg4 29. Rc3 {and White has an edge (Hübner).}) 27. e5 $1 g3+ 28.
Kg1 Nd7 29. Qc6 Rgd8 30. Qd6+ Ke8 31. Nxe6 $1 {
Suddenly, Van der Sterren has a mate attack.} 1-0